ՀՀ Գիտությունների ազգային ակադեմիայի հիմնարար գիտական գրադարան  =   Fundamental Scientific Library of NAS RA
Normal view MARC view

Entry Personal Name

Number of records used in: 20

001 - CONTROL NUMBER

  • control field: 1827

003 - CONTROL NUMBER IDENTIFIER

  • control field: AM-YEHGA

005 - DATE AND TIME OF LATEST TRANSACTION

  • control field: 20250617070431.0

008 - FIXED-LENGTH DATA ELEMENTS

  • fixed length control field: 050608 a|ac|n|aab||||||||||||a |n|||||||

040 ## - CATALOGING SOURCE

  • Original cataloging agency: AM-YEHGA

100 1# - HEADING--PERSONAL NAME

  • Personal name: Արշակյան, Գևորգ Լիպարիտի,
  • Dates associated with a name: 1928-2002

400 1# - SEE FROM TRACING--PERSONAL NAME

  • Personal name: Արշակյան, Գևորգ,
  • Dates associated with a name: 1928-2002

400 1# - SEE FROM TRACING--PERSONAL NAME

  • Personal name: Արշակյան, Գ.Լ.
  • Fuller form of name: (Գևորգ Լիպարիտի),
  • Dates associated with a name: 1928-2002

400 1# - SEE FROM TRACING--PERSONAL NAME

  • Personal name: Արշակյան, Գ.
  • Fuller form of name: (Գևորգ),
  • Dates associated with a name: 1928-2002

400 1# - SEE FROM TRACING--PERSONAL NAME

  • Personal name: Аршакян, Г.
  • Fuller form of name: (Геворк),
  • Dates associated with a name: 1928-2002

400 1# - SEE FROM TRACING--PERSONAL NAME

  • Personal name: Аршакян, Г.Л.
  • Fuller form of name: (Геворк Липаритович),
  • Dates associated with a name: 1928-2002

400 1# - SEE FROM TRACING--PERSONAL NAME

  • Personal name: Аршакян, Геворк Липаритович,
  • Dates associated with a name: 1928-2002

400 1# - SEE FROM TRACING--PERSONAL NAME

  • Personal name: Аршакян, Геворк,
  • Dates associated with a name: 1928-2002

400 1# - SEE FROM TRACING--PERSONAL NAME

  • Personal name: Аршакян, Геворг,
  • Dates associated with a name: 1928-2002

400 1# - SEE FROM TRACING--PERSONAL NAME

  • Personal name: Arshakyan, Gevorg Lipariti,
  • Dates associated with a name: 1928-2002

670 ## - SOURCE DATA FOUND

  • Source citation: Հայկական համառոտ հանրագիտարան, 1990 :
  • Information found: հ. 1 (Արշակյան Գևորգ Լիպարիտի (ծ. 28.2.1928, ք. Արմավիր (ՌՍՖՍՀ Կրասնոդարի երկր.)), հայ գրող)

670 ## - SOURCE DATA FOUND

  • Source citation: Ով ով է. հայեր (կենսագրական հանրագիտարան), 2005 :
  • Information found: հ. 1 (Արշակյան Գևորգ Լիպարիտի (28.2.1928 - 31.12.2002, Երևան])

670 ## - SOURCE DATA FOUND

  • Source citation: Գնացքներ (Վեպ), 1977 :
  • Information found: տիտղթ. (Գ. Արշակյան)

670 ## - SOURCE DATA FOUND

  • Source citation: Հայաստանի երեխաները (Ֆոտոալբոմ։ Կրտսեր տարիքի դպր. համար), 1980 :
  • Information found: տիտղթ. (Կազմ.՝ Գ.Լ. Արշակյան)

670 ## - SOURCE DATA FOUND

  • Source citation: Запах мяты, 1975 :
  • Information found: т.л. (Г. Аршакян); конц. (Аршакян Геворк)

670 ## - SOURCE DATA FOUND

  • Source citation: Черные и белые лебеди (Повести) , 1968 :
  • Information found: конц. (Аршакян Геворг)

670 ## - SOURCE DATA FOUND

  • Source citation: Антология армянской советской детской литературы (Пер. с арм.), 1981 :
  • Information found: т.л. (Сост. Г. Севан; Редкол.: Г.Л. Аршакян и др.)


ՀՀ ԳԱԱ հիմնարար գիտական գրադարան
ՀՀ,Երևան 0019
Մարշալ Բաղրամյան 24/6
հեռախոս:(374-10) 52-47-50
Հետադարձ կապ

All site content, except where otherwise noted, is licensed under a
Creative Commons License